| 000 | 02482nam2a2200277 4500 | ||
|---|---|---|---|
| 001 | RU\NLR\BIBL_A\012430088 | ||
| 005 | 20250624032804.0 | ||
| 035 | _a(NLR Aleph) 012430088 | ||
| 090 |
_a11870291 _c11870291 |
||
| 100 | _a20210111d2020 |||y0rusy50 ca | ||
| 101 | 0 | _arus | |
| 102 | _aRU | ||
| 200 | 1 |
_aНаучно-методические основы организации и содержания социального обслуживания населения в Ханты-Мансийском автономном округе - Югре, Вып. 5 _eсборник материалов, подготовленных бюджетным учреждением Ханты-Мансийского автономного округа - Югры "Ресурсный центр развития социального обслуживания" Департамента социального развития Ханты-Мансийского автономного округа - Югры _fсост.: Э.К. Иосифова, к.м.н. |
|
| 210 |
_d2020 _aБ. м. |
||
| 215 | _aСерия "Содержание, организация и технологии социального обслуживания: практика деятельности социальных служб" | ||
| 300 | _aНа обл. помечен: 2020, № 3 (исправлено ручкой на № 8, возможно в тип.) | ||
| 461 | 0 |
_1001RU\NLR\INFOCOMM29\5000543575 _12001#$aПрофессиональная библиотека работника социальной службы$eПроф. науч.-практ. и метод. журн.$fМежрегион. обществ. орг. "Ассоц. работников социал. служб"$v2020, № 8 (132) _94070846 _cМ. _d2002 - _fМежрегион. обществ. орг. "Ассоц. работников социал. служб" _nБ. и. _oПроф. науч.-практ. и метод. журн. _tПрофессиональная библиотека работника социальной службы _v2020, № 8 (132) |
|
| 606 | 1 |
_aСоциальное обслуживание _jСборники _yХанты-Мансинский автономный округ-Югра _92157146 _3RU\NLR\AUTH\661603216 |
|
| 686 | 1 | _aУ27(2)2(2Р-4Тю-6Х)я43 | |
| 686 | 1 | _aС550.473 | |
| 702 | 0 |
_aИосифова _bЭ. К. _4220 |
|
| 852 |
_aNLR _jП22/7715 |
||
| 942 | _cISSUE | ||
| 980 | _aNB | ||
| 980 | _aRUSPER | ||